<?xml version="1.0" encoding="UTF-8"?>
<collection xmlns="http://www.loc.gov/MARC21/slim">
 <record>
  <leader>17300nas a22019331  4500</leader>
  <controlfield tag="001">1/50327</controlfield>
  <controlfield tag="008">020828c19  9999gr brzp       0   g0gre d</controlfield>
  <datafield tag="022" ind1=" " ind2=" ">
   <subfield code="a">1106-9066</subfield>
  </datafield>
  <datafield tag="035" ind1=" " ind2=" ">
   <subfield code="l">23949</subfield>
  </datafield>
  <datafield tag="040" ind1=" " ind2=" ">
   <subfield code="a">GR-PeUP</subfield>
  </datafield>
  <datafield tag="090" ind1=" " ind2=" ">
   <subfield code="a">Αλφαβητική σειρά</subfield>
  </datafield>
  <datafield tag="245" ind1="0" ind2="0">
   <subfield code="a">Καινοτομία :</subfield>
   <subfield code="b">έρευνα και τεχνολογία</subfield>
  </datafield>
  <datafield tag="260" ind1=" " ind2=" ">
   <subfield code="a">Αθήνα :</subfield>
   <subfield code="b">ΕΚΤ,</subfield>
   <subfield code="c">[19--]-</subfield>
  </datafield>
  <datafield tag="300" ind1=" " ind2=" ">
   <subfield code="a">τ. ;</subfield>
   <subfield code="c">29 εκ.</subfield>
  </datafield>
  <datafield tag="310" ind1=" " ind2=" ">
   <subfield code="a">Διμηνιαίο</subfield>
  </datafield>
  <datafield tag="321" ind1=" " ind2=" ">
   <subfield code="a">Τριμηνιαίο,</subfield>
   <subfield code="b">1996-2000</subfield>
  </datafield>
  <datafield tag="362" ind1="0" ind2=" ">
   <subfield code="a">Τχ.4(Οκτ.-Δεκ. 1996)-τχ.33(Νοεμ./Δεκ. 2002)</subfield>
  </datafield>
  <datafield tag="362" ind1="0" ind2=" ">
   <subfield code="a">Τχ.34(Ιαν./Φεβρ. 2003)-</subfield>
  </datafield>
  <datafield tag="546" ind1=" " ind2=" ">
   <subfield code="a">Ελληνική</subfield>
  </datafield>
  <datafield tag="650" ind1=" " ind2="4">
   <subfield code="a">Τεχνολογία</subfield>
   <subfield code="v">Περιοδικά.</subfield>
  </datafield>
  <datafield tag="650" ind1=" " ind2="4">
   <subfield code="a">Τεχνολογικές καινοτομίες</subfield>
   <subfield code="v">Περιοδικά.</subfield>
  </datafield>
  <datafield tag="710" ind1="2" ind2=" ">
   <subfield code="a">Εθνικό Κέντρο Τεκμηρίωσης.</subfield>
  </datafield>
  <datafield tag="852" ind1=" " ind2=" ">
   <subfield code="a">INST</subfield>
   <subfield code="b">UNIPILB</subfield>
   <subfield code="c">SERIALS</subfield>
   <subfield code="e">20050203</subfield>
   <subfield code="h">Αλφαβητική σειρά</subfield>
   <subfield code="p">39517</subfield>
   <subfield code="q">39517</subfield>
   <subfield code="t">NOLOAN</subfield>
   <subfield code="v">τεύχ.34:(Μήνες)Ιαν./Φεβ.;(Έτος)2003</subfield>
   <subfield code="y">23</subfield>
  </datafield>
  <datafield tag="852" ind1=" " ind2=" ">
   <subfield code="a">INST</subfield>
   <subfield code="b">UNIPILB</subfield>
   <subfield code="c">SERIALS</subfield>
   <subfield code="e">20050203</subfield>
   <subfield code="h">Αλφαβητική σειρά</subfield>
   <subfield code="p">39518</subfield>
   <subfield code="q">39518</subfield>
   <subfield code="t">NOLOAN</subfield>
   <subfield code="v">τεύχ.35:(Μήνες)Μάρ./Απρ.;(Έτος)2003</subfield>
   <subfield code="y">23</subfield>
  </datafield>
  <datafield tag="852" ind1=" " ind2=" ">
   <subfield code="a">INST</subfield>
   <subfield code="b">UNIPILB</subfield>
   <subfield code="c">SERIALS</subfield>
   <subfield code="e">20050203</subfield>
   <subfield code="h">Αλφαβητική σειρά</subfield>
   <subfield code="p">39519</subfield>
   <subfield code="q">39519</subfield>
   <subfield code="t">NOLOAN</subfield>
   <subfield code="v">τεύχ.36:(Μήνες)Μάιος/Ιούν.;(Έτος)2003</subfield>
   <subfield code="y">23</subfield>
  </datafield>
  <datafield tag="852" ind1=" " ind2=" ">
   <subfield code="a">INST</subfield>
   <subfield code="b">UNIPILB</subfield>
   <subfield code="c">SERIALS</subfield>
   <subfield code="e">20050203</subfield>
   <subfield code="h">Αλφαβητική σειρά</subfield>
   <subfield code="p">39520</subfield>
   <subfield code="q">39520</subfield>
   <subfield code="t">NOLOAN</subfield>
   <subfield code="v">τεύχ.37:(Μήνες)Ιούλ./Αύγ.;(Έτος)2003</subfield>
   <subfield code="y">23</subfield>
  </datafield>
  <datafield tag="852" ind1=" " ind2=" ">
   <subfield code="a">INST</subfield>
   <subfield code="b">UNIPILB</subfield>
   <subfield code="c">SERIALS</subfield>
   <subfield code="e">20050203</subfield>
   <subfield code="h">Αλφαβητική σειρά</subfield>
   <subfield code="p">39521</subfield>
   <subfield code="q">39521</subfield>
   <subfield code="t">NOLOAN</subfield>
   <subfield code="v">τεύχ.38:(Μήνες)Σεπ./Οκτ.;(Έτος)2003</subfield>
   <subfield code="y">23</subfield>
  </datafield>
  <datafield tag="852" ind1=" " ind2=" ">
   <subfield code="a">INST</subfield>
   <subfield code="b">UNIPILB</subfield>
   <subfield code="c">SERIALS</subfield>
   <subfield code="e">20050203</subfield>
   <subfield code="h">Αλφαβητική σειρά</subfield>
   <subfield code="p">39522</subfield>
   <subfield code="q">39522</subfield>
   <subfield code="t">NOLOAN</subfield>
   <subfield code="v">τεύχ.39:(Μήνες)Νοέμ./Δεκ.;(Έτος)2003</subfield>
   <subfield code="y">23</subfield>
  </datafield>
  <datafield tag="852" ind1=" " ind2=" ">
   <subfield code="a">INST</subfield>
   <subfield code="b">UNIPILB</subfield>
   <subfield code="c">SERIALS</subfield>
   <subfield code="e">20050203</subfield>
   <subfield code="h">Αλφαβητική σειρά</subfield>
   <subfield code="p">39523</subfield>
   <subfield code="q">39523</subfield>
   <subfield code="t">NOLOAN</subfield>
   <subfield code="v">τεύχ.41:(Μήνες)Μάρ./Απρ.;(Έτος)2004</subfield>
   <subfield code="y">23</subfield>
  </datafield>
  <datafield tag="852" ind1=" " ind2=" ">
   <subfield code="a">INST</subfield>
   <subfield code="b">UNIPILB</subfield>
   <subfield code="c">SERIALS</subfield>
   <subfield code="e">20050203</subfield>
   <subfield code="h">Αλφαβητική σειρά</subfield>
   <subfield code="p">39524</subfield>
   <subfield code="q">39524</subfield>
   <subfield code="t">NOLOAN</subfield>
   <subfield code="v">τεύχ.42:(Μήνες)Μάιος/Ιούν.;(Έτος)2004</subfield>
   <subfield code="y">23</subfield>
  </datafield>
  <datafield tag="852" ind1=" " ind2=" ">
   <subfield code="a">INST</subfield>
   <subfield code="b">UNIPILB</subfield>
   <subfield code="c">SERIALS</subfield>
   <subfield code="e">20050203</subfield>
   <subfield code="h">Αλφαβητική σειρά</subfield>
   <subfield code="p">39525</subfield>
   <subfield code="q">39525</subfield>
   <subfield code="t">NOLOAN</subfield>
   <subfield code="v">τεύχ.43:(Μήνες)Ιούλ./Αύγ.;(Έτος)2004</subfield>
   <subfield code="y">23</subfield>
  </datafield>
  <datafield tag="852" ind1=" " ind2=" ">
   <subfield code="a">INST</subfield>
   <subfield code="b">UNIPILB</subfield>
   <subfield code="c">SERIALS</subfield>
   <subfield code="e">20050203</subfield>
   <subfield code="h">Αλφαβητική σειρά</subfield>
   <subfield code="p">39526</subfield>
   <subfield code="q">39526</subfield>
   <subfield code="t">NOLOAN</subfield>
   <subfield code="v">τεύχ.44:(Μήνες)Σεπ./Οκτ.;(Έτος)2004</subfield>
   <subfield code="y">23</subfield>
  </datafield>
  <datafield tag="852" ind1=" " ind2=" ">
   <subfield code="a">INST</subfield>
   <subfield code="b">UNIPILB</subfield>
   <subfield code="c">SERIALS</subfield>
   <subfield code="e">20050207</subfield>
   <subfield code="h">Αλφαβητική σειρά</subfield>
   <subfield code="p">39723</subfield>
   <subfield code="q">39723</subfield>
   <subfield code="t">NOLOAN</subfield>
   <subfield code="v">τεύχ.40:(Μήνες)Ιαν./Φεβ.;(Έτος)2004</subfield>
   <subfield code="y">23</subfield>
  </datafield>
  <datafield tag="852" ind1=" " ind2=" ">
   <subfield code="a">INST</subfield>
   <subfield code="b">UNIPILB</subfield>
   <subfield code="c">SERIALS</subfield>
   <subfield code="e">20050307</subfield>
   <subfield code="h">Αλφαβητική σειρά</subfield>
   <subfield code="p">40880</subfield>
   <subfield code="q">40880</subfield>
   <subfield code="t">NOLOAN</subfield>
   <subfield code="v">τεύχ.45:(Μήνες)Νοέμ./Δεκ.;(Έτος)2004</subfield>
   <subfield code="y">23</subfield>
  </datafield>
  <datafield tag="852" ind1=" " ind2=" ">
   <subfield code="a">INST</subfield>
   <subfield code="b">UNIPILB</subfield>
   <subfield code="c">SERIALS</subfield>
   <subfield code="e">20050427</subfield>
   <subfield code="h">Αλφαβητική σειρά</subfield>
   <subfield code="p">42838</subfield>
   <subfield code="q">42838</subfield>
   <subfield code="t">NOLOAN</subfield>
   <subfield code="v">τεύχ.46:(Μήνες)Ιαν./Φεβ.;(Έτος)2005</subfield>
   <subfield code="y">23</subfield>
  </datafield>
  <datafield tag="852" ind1=" " ind2=" ">
   <subfield code="a">INST</subfield>
   <subfield code="b">UNIPILB</subfield>
   <subfield code="c">SERIALS</subfield>
   <subfield code="e">20050704</subfield>
   <subfield code="h">Αλφαβητική σειρά</subfield>
   <subfield code="p">44433</subfield>
   <subfield code="q">44433</subfield>
   <subfield code="t">NOLOAN</subfield>
   <subfield code="v">τεύχ.47:(Μήνες)Μάρ./Απρ.;(Έτος)2005</subfield>
   <subfield code="y">23</subfield>
  </datafield>
  <datafield tag="852" ind1=" " ind2=" ">
   <subfield code="a">INST</subfield>
   <subfield code="b">UNIPILB</subfield>
   <subfield code="c">SERIALS</subfield>
   <subfield code="e">20050825</subfield>
   <subfield code="h">Αλφαβητική σειρά</subfield>
   <subfield code="p">45549</subfield>
   <subfield code="q">45549</subfield>
   <subfield code="t">NOLOAN</subfield>
   <subfield code="v">τεύχ.48:(Μήνες)Μάιος/Ιούν.;(Έτος)2005</subfield>
   <subfield code="y">23</subfield>
  </datafield>
  <datafield tag="852" ind1=" " ind2=" ">
   <subfield code="a">INST</subfield>
   <subfield code="b">UNIPILB</subfield>
   <subfield code="c">SERIALS</subfield>
   <subfield code="e">20051020</subfield>
   <subfield code="h">Αλφαβητική σειρά</subfield>
   <subfield code="p">47830</subfield>
   <subfield code="q">47830</subfield>
   <subfield code="t">NOLOAN</subfield>
   <subfield code="v">τεύχ.49:(Μήνες)Ιούλ./Αύγ.;(Έτος)2005</subfield>
   <subfield code="y">23</subfield>
  </datafield>
  <datafield tag="852" ind1=" " ind2=" ">
   <subfield code="a">INST</subfield>
   <subfield code="b">UNIPILB</subfield>
   <subfield code="c">SERIALS</subfield>
   <subfield code="e">20060110</subfield>
   <subfield code="h">Αλφαβητική σειρά</subfield>
   <subfield code="p">49340</subfield>
   <subfield code="q">49340</subfield>
   <subfield code="t">NOLOAN</subfield>
   <subfield code="v">τεύχ.50:(Μήνες)Σεπ./Οκτ.;(Έτος)2005</subfield>
   <subfield code="y">23</subfield>
  </datafield>
  <datafield tag="852" ind1=" " ind2=" ">
   <subfield code="a">INST</subfield>
   <subfield code="b">UNIPILB</subfield>
   <subfield code="c">SERIALS</subfield>
   <subfield code="e">20060301</subfield>
   <subfield code="h">Αλφαβητική σειρά</subfield>
   <subfield code="p">50641</subfield>
   <subfield code="q">50641</subfield>
   <subfield code="t">NOLOAN</subfield>
   <subfield code="v">τεύχ.51:(Μήνες)Νοέμ./Δεκ.;(Έτος)2005</subfield>
   <subfield code="y">23</subfield>
  </datafield>
  <datafield tag="852" ind1=" " ind2=" ">
   <subfield code="a">INST</subfield>
   <subfield code="b">UNIPILB</subfield>
   <subfield code="c">SERIALS</subfield>
   <subfield code="e">20060516</subfield>
   <subfield code="h">Αλφαβητική σειρά</subfield>
   <subfield code="p">51482</subfield>
   <subfield code="q">51482</subfield>
   <subfield code="t">NOLOAN</subfield>
   <subfield code="v">τεύχ.52:(Μήνες)Ιαν./Φεβ.;(Έτος)2006</subfield>
   <subfield code="y">23</subfield>
  </datafield>
  <datafield tag="852" ind1=" " ind2=" ">
   <subfield code="a">INST</subfield>
   <subfield code="b">UNIPILB</subfield>
   <subfield code="c">SERIALS</subfield>
   <subfield code="e">20060712</subfield>
   <subfield code="h">Αλφαβητική σειρά</subfield>
   <subfield code="p">51928</subfield>
   <subfield code="q">51928</subfield>
   <subfield code="t">NOLOAN</subfield>
   <subfield code="v">τεύχ.53:(Μήνες)Μάρ./Απρ.;(Έτος)2006</subfield>
   <subfield code="y">23</subfield>
  </datafield>
  <datafield tag="852" ind1=" " ind2=" ">
   <subfield code="a">INST</subfield>
   <subfield code="b">UNIPILB</subfield>
   <subfield code="c">SERIALS</subfield>
   <subfield code="e">20060828</subfield>
   <subfield code="h">Αλφαβητική σειρά</subfield>
   <subfield code="p">52465</subfield>
   <subfield code="q">52465</subfield>
   <subfield code="t">NOLOAN</subfield>
   <subfield code="v">τεύχ.54:(Μήνες)Μάιος/Ιούν.;(Έτος)2006</subfield>
   <subfield code="y">23</subfield>
  </datafield>
  <datafield tag="852" ind1=" " ind2=" ">
   <subfield code="a">INST</subfield>
   <subfield code="b">UNIPILB</subfield>
   <subfield code="c">SERIALS</subfield>
   <subfield code="e">20061030</subfield>
   <subfield code="h">Αλφαβητική σειρά</subfield>
   <subfield code="p">53326</subfield>
   <subfield code="q">53326</subfield>
   <subfield code="t">NOLOAN</subfield>
   <subfield code="v">τεύχ.55:(Μήνες)Ιούλ./Αύγ.;(Έτος)2006</subfield>
   <subfield code="y">23</subfield>
  </datafield>
  <datafield tag="852" ind1=" " ind2=" ">
   <subfield code="a">INST</subfield>
   <subfield code="b">UNIPILB</subfield>
   <subfield code="c">SERIALS</subfield>
   <subfield code="e">20070411</subfield>
   <subfield code="h">Αλφαβητική σειρά</subfield>
   <subfield code="p">55159</subfield>
   <subfield code="q">55159</subfield>
   <subfield code="t">NOLOAN</subfield>
   <subfield code="v">τεύχ.57:(Μήνες)Νοέμ./Δεκ.;(Έτος)2006</subfield>
   <subfield code="y">23</subfield>
  </datafield>
  <datafield tag="852" ind1=" " ind2=" ">
   <subfield code="a">INST</subfield>
   <subfield code="b">UNIPILB</subfield>
   <subfield code="c">SERIALS</subfield>
   <subfield code="e">20070612</subfield>
   <subfield code="h">Αλφαβητική σειρά</subfield>
   <subfield code="p">55927</subfield>
   <subfield code="q">55927</subfield>
   <subfield code="t">NOLOAN</subfield>
   <subfield code="v">τεύχ.58:(Μήνες)Ιαν./Φεβ.;(Έτος)2007</subfield>
   <subfield code="y">23</subfield>
  </datafield>
  <datafield tag="852" ind1=" " ind2=" ">
   <subfield code="a">INST</subfield>
   <subfield code="b">UNIPILB</subfield>
   <subfield code="c">SERIALS</subfield>
   <subfield code="e">20070612</subfield>
   <subfield code="h">Αλφαβητική σειρά</subfield>
   <subfield code="p">55941</subfield>
   <subfield code="q">55941</subfield>
   <subfield code="t">NOLOAN</subfield>
   <subfield code="v">τεύχ.56:(Μήνες)Σεπ./Οκτ.;(Έτος)2006</subfield>
   <subfield code="y">23</subfield>
  </datafield>
  <datafield tag="852" ind1=" " ind2=" ">
   <subfield code="a">INST</subfield>
   <subfield code="b">UNIPILB</subfield>
   <subfield code="c">SERIALS</subfield>
   <subfield code="e">20070706</subfield>
   <subfield code="h">Αλφαβητική σειρά</subfield>
   <subfield code="p">56210</subfield>
   <subfield code="q">56210</subfield>
   <subfield code="t">NOLOAN</subfield>
   <subfield code="v">τεύχ.59:(Μήνες)Μάρ./Απρ.;(Έτος)2007</subfield>
   <subfield code="y">23</subfield>
  </datafield>
  <datafield tag="852" ind1=" " ind2=" ">
   <subfield code="a">INST</subfield>
   <subfield code="b">UNIPILB</subfield>
   <subfield code="c">SERIALS</subfield>
   <subfield code="e">20071213</subfield>
   <subfield code="h">Αλφαβητική σειρά</subfield>
   <subfield code="p">58883</subfield>
   <subfield code="q">58883</subfield>
   <subfield code="t">NOLOAN</subfield>
   <subfield code="v">τεύχ.61:(Μήνες)Ιούλ./Αύγ.;(Έτος)2007</subfield>
   <subfield code="y">23</subfield>
  </datafield>
  <datafield tag="852" ind1=" " ind2=" ">
   <subfield code="a">INST</subfield>
   <subfield code="b">UNIPILB</subfield>
   <subfield code="c">SERIALS</subfield>
   <subfield code="e">20080108</subfield>
   <subfield code="h">Αλφαβητική σειρά</subfield>
   <subfield code="p">59276</subfield>
   <subfield code="q">59276</subfield>
   <subfield code="t">NOLOAN</subfield>
   <subfield code="v">τεύχ.62:(Μήνες)Σεπ./Οκτ.;(Έτος)2007</subfield>
   <subfield code="y">23</subfield>
  </datafield>
  <datafield tag="852" ind1=" " ind2=" ">
   <subfield code="a">INST</subfield>
   <subfield code="b">UNIPILB</subfield>
   <subfield code="c">SERIALS</subfield>
   <subfield code="e">20080318</subfield>
   <subfield code="h">Αλφαβητική σειρά</subfield>
   <subfield code="p">60237</subfield>
   <subfield code="q">60237</subfield>
   <subfield code="t">NOLOAN</subfield>
   <subfield code="v">τεύχ.63:(Μήνες)Νοέμ./Δεκ.;(Έτος)2007</subfield>
   <subfield code="y">23</subfield>
  </datafield>
  <datafield tag="852" ind1=" " ind2=" ">
   <subfield code="a">INST</subfield>
   <subfield code="b">UNIPILB</subfield>
   <subfield code="c">SERIALS</subfield>
   <subfield code="e">20080520</subfield>
   <subfield code="h">Αλφαβητική σειρά</subfield>
   <subfield code="p">60624</subfield>
   <subfield code="q">60624</subfield>
   <subfield code="t">NOLOAN</subfield>
   <subfield code="v">τεύχ.64:(Μήνες)Ιαν./Φεβ.;(Έτος)2008</subfield>
   <subfield code="y">23</subfield>
  </datafield>
  <datafield tag="852" ind1=" " ind2=" ">
   <subfield code="a">INST</subfield>
   <subfield code="b">UNIPILB</subfield>
   <subfield code="c">SERIALS</subfield>
   <subfield code="e">20080624</subfield>
   <subfield code="h">Αλφαβητική σειρά</subfield>
   <subfield code="p">60837</subfield>
   <subfield code="q">60837</subfield>
   <subfield code="t">NOLOAN</subfield>
   <subfield code="v">τεύχ.65:(Μήνες)Μάρ./Απρ.;(Έτος)2008</subfield>
   <subfield code="y">23</subfield>
  </datafield>
  <datafield tag="852" ind1=" " ind2=" ">
   <subfield code="a">INST</subfield>
   <subfield code="b">UNIPILB</subfield>
   <subfield code="c">SERIALS</subfield>
   <subfield code="e">20080829</subfield>
   <subfield code="h">Αλφαβητική σειρά</subfield>
   <subfield code="p">61316</subfield>
   <subfield code="q">61316</subfield>
   <subfield code="t">NOLOAN</subfield>
   <subfield code="v">τεύχ.66:(Μήνες)Μάιος/Ιούν.;(Έτος)2008</subfield>
   <subfield code="y">23</subfield>
  </datafield>
  <datafield tag="852" ind1=" " ind2=" ">
   <subfield code="a">INST</subfield>
   <subfield code="b">UNIPILB</subfield>
   <subfield code="c">SERIALS</subfield>
   <subfield code="e">20081105</subfield>
   <subfield code="h">Αλφαβητική σειρά</subfield>
   <subfield code="p">61975</subfield>
   <subfield code="q">61975</subfield>
   <subfield code="t">NOLOAN</subfield>
   <subfield code="v">τεύχ.67:(Μήνες)Ιούλ./Αύγ.;(Έτος)2008</subfield>
   <subfield code="y">23</subfield>
  </datafield>
  <datafield tag="852" ind1=" " ind2=" ">
   <subfield code="a">INST</subfield>
   <subfield code="b">UNIPILB</subfield>
   <subfield code="c">SERIALS</subfield>
   <subfield code="e">20090123</subfield>
   <subfield code="h">Αλφαβητική σειρά</subfield>
   <subfield code="p">62508</subfield>
   <subfield code="q">62508</subfield>
   <subfield code="t">NOLOAN</subfield>
   <subfield code="v">τεύχ.68:(Μήνες)Σεπ./Οκτ.;(Έτος)2008</subfield>
   <subfield code="y">23</subfield>
  </datafield>
  <datafield tag="852" ind1=" " ind2=" ">
   <subfield code="a">INST</subfield>
   <subfield code="b">UNIPILB</subfield>
   <subfield code="c">SERIALS</subfield>
   <subfield code="e">20090618</subfield>
   <subfield code="h">Αλφαβητική σειρά</subfield>
   <subfield code="p">64229</subfield>
   <subfield code="q">64229</subfield>
   <subfield code="t">NOLOAN</subfield>
   <subfield code="v">τεύχ.69:(Μήνες)Νοέμ./Δεκ.;(Έτος)2008</subfield>
   <subfield code="y">23</subfield>
  </datafield>
  <datafield tag="852" ind1=" " ind2=" ">
   <subfield code="a">INST</subfield>
   <subfield code="b">UNIPILB</subfield>
   <subfield code="c">SERIALS</subfield>
   <subfield code="e">20090901</subfield>
   <subfield code="h">Αλφαβητική σειρά</subfield>
   <subfield code="p">64535</subfield>
   <subfield code="q">64535</subfield>
   <subfield code="t">NOLOAN</subfield>
   <subfield code="v">τεύχ.71:(Μήνες)Μάρ./Απρ.;(Έτος)2009</subfield>
   <subfield code="y">23</subfield>
  </datafield>
  <datafield tag="852" ind1=" " ind2=" ">
   <subfield code="a">INST</subfield>
   <subfield code="b">UNIPILB</subfield>
   <subfield code="c">SERIALS</subfield>
   <subfield code="e">20090901</subfield>
   <subfield code="h">Αλφαβητική σειρά</subfield>
   <subfield code="p">64552</subfield>
   <subfield code="q">64552</subfield>
   <subfield code="t">NOLOAN</subfield>
   <subfield code="v">τεύχ.70:(Μήνες)Ιαν./Φεβ.;(Έτος)2009</subfield>
   <subfield code="y">23</subfield>
  </datafield>
  <datafield tag="852" ind1=" " ind2=" ">
   <subfield code="a">INST</subfield>
   <subfield code="b">UNIPILB</subfield>
   <subfield code="c">SERIALS</subfield>
   <subfield code="e">20091204</subfield>
   <subfield code="h">Αλφαβητική σειρά</subfield>
   <subfield code="p">65657</subfield>
   <subfield code="q">65657</subfield>
   <subfield code="t">NOLOAN</subfield>
   <subfield code="v">τεύχ.73:(Μήνες)Ιούλ./Αύγ.;(Έτος)2009</subfield>
   <subfield code="y">23</subfield>
  </datafield>
  <datafield tag="852" ind1=" " ind2=" ">
   <subfield code="a">INST</subfield>
   <subfield code="b">UNIPILB</subfield>
   <subfield code="c">SERIALS</subfield>
   <subfield code="e">20100208</subfield>
   <subfield code="h">Αλφαβητική σειρά</subfield>
   <subfield code="p">66709</subfield>
   <subfield code="q">66709</subfield>
   <subfield code="t">NOLOAN</subfield>
   <subfield code="v">τεύχ.74:(Μήνες)Σεπ./Οκτ.;(Έτος)2009</subfield>
   <subfield code="y">23</subfield>
  </datafield>
  <datafield tag="852" ind1=" " ind2=" ">
   <subfield code="a">INST</subfield>
   <subfield code="b">UNIPILB</subfield>
   <subfield code="c">SERIALS</subfield>
   <subfield code="e">20100610</subfield>
   <subfield code="h">Αλφαβητική σειρά</subfield>
   <subfield code="p">68321</subfield>
   <subfield code="q">68321</subfield>
   <subfield code="t">NOLOAN</subfield>
   <subfield code="v">τεύχ.75:(Μήνες)Νοεμ./Ιαν.;(Έτη)2009-2010</subfield>
   <subfield code="y">23</subfield>
  </datafield>
  <datafield tag="852" ind1=" " ind2=" ">
   <subfield code="a">INST</subfield>
   <subfield code="b">UNIPILB</subfield>
   <subfield code="c">SERIALS</subfield>
   <subfield code="e">20100909</subfield>
   <subfield code="h">Αλφαβητική σειρά</subfield>
   <subfield code="p">69793</subfield>
   <subfield code="q">69793</subfield>
   <subfield code="t">NOLOAN</subfield>
   <subfield code="v">τεύχ.77:(Μήνες)Μάρ./Απρ.;(Έτος)2010</subfield>
   <subfield code="y">23</subfield>
  </datafield>
  <datafield tag="852" ind1=" " ind2=" ">
   <subfield code="a">INST</subfield>
   <subfield code="b">UNIPILB</subfield>
   <subfield code="c">SERIALS</subfield>
   <subfield code="e">20101025</subfield>
   <subfield code="h">Αλφαβητική σειρά</subfield>
   <subfield code="p">70397</subfield>
   <subfield code="q">70397</subfield>
   <subfield code="t">NOLOAN</subfield>
   <subfield code="v">τεύχ.76:(Μήνες)Ιαν./Φεβ./Μάρ.;(Έτος)2010</subfield>
   <subfield code="y">23</subfield>
  </datafield>
  <datafield tag="852" ind1=" " ind2=" ">
   <subfield code="a">INST</subfield>
   <subfield code="b">UNIPILB</subfield>
   <subfield code="c">SERIALS</subfield>
   <subfield code="e">20101025</subfield>
   <subfield code="h">Αλφαβητική σειρά</subfield>
   <subfield code="p">70398</subfield>
   <subfield code="q">70398</subfield>
   <subfield code="t">NOLOAN</subfield>
   <subfield code="v">τεύχ.78:(Μήνες)Ιούν./Ιούλ.;(Έτος)2010</subfield>
   <subfield code="y">23</subfield>
  </datafield>
  <datafield tag="852" ind1=" " ind2=" ">
   <subfield code="a">INST</subfield>
   <subfield code="b">UNIPILB</subfield>
   <subfield code="c">SERIALS</subfield>
   <subfield code="e">20110228</subfield>
   <subfield code="h">Αλφαβητική σειρά</subfield>
   <subfield code="p">71217</subfield>
   <subfield code="q">71217</subfield>
   <subfield code="t">NOLOAN</subfield>
   <subfield code="v">τεύχ.80:(Μήνες)Οκτ./Νοέμ.;(Έτος)2010</subfield>
   <subfield code="y">23</subfield>
  </datafield>
  <datafield tag="852" ind1=" " ind2=" ">
   <subfield code="a">INST</subfield>
   <subfield code="b">UNIPILB</subfield>
   <subfield code="c">SERIALS</subfield>
   <subfield code="e">20110228</subfield>
   <subfield code="h">Αλφαβητική σειρά</subfield>
   <subfield code="p">71218</subfield>
   <subfield code="q">71218</subfield>
   <subfield code="t">NOLOAN</subfield>
   <subfield code="v">τεύχ.81:(Μήνες)Δεκ./Ιαν.;(Έτη)2010-2011</subfield>
   <subfield code="y">23</subfield>
  </datafield>
  <datafield tag="852" ind1=" " ind2=" ">
   <subfield code="a">INST</subfield>
   <subfield code="b">UNIPILB</subfield>
   <subfield code="c">SERIALS</subfield>
   <subfield code="e">20110704</subfield>
   <subfield code="h">Αλφαβητική σειρά</subfield>
   <subfield code="p">72151</subfield>
   <subfield code="q">72151</subfield>
   <subfield code="t">NOLOAN</subfield>
   <subfield code="v">τεύχ.82:(Μήνες)Φεβ./Μάρ.;(Έτος)2011</subfield>
   <subfield code="y">23</subfield>
  </datafield>
  <datafield tag="852" ind1=" " ind2=" ">
   <subfield code="a">INST</subfield>
   <subfield code="b">UNIPILB</subfield>
   <subfield code="c">SERIALS</subfield>
   <subfield code="e">20110923</subfield>
   <subfield code="h">Αλφαβητική σειρά</subfield>
   <subfield code="p">72694</subfield>
   <subfield code="q">72694</subfield>
   <subfield code="t">NOLOAN</subfield>
   <subfield code="v">τεύχ.83:(Μήνες)Απρ./Μάϊος;(Έτος)2011</subfield>
   <subfield code="y">23</subfield>
  </datafield>
  <datafield tag="852" ind1=" " ind2=" ">
   <subfield code="a">INST</subfield>
   <subfield code="b">UNIPILB</subfield>
   <subfield code="c">SERIALS</subfield>
   <subfield code="e">20120209</subfield>
   <subfield code="h">Αλφαβητική σειρά</subfield>
   <subfield code="p">74426</subfield>
   <subfield code="q">74426</subfield>
   <subfield code="t">NOLOAN</subfield>
   <subfield code="v">τεύχ.85:(Μήνες)Σεπ./Νοέμ.;(Έτος)2011</subfield>
   <subfield code="y">23</subfield>
  </datafield>
  <datafield tag="852" ind1=" " ind2=" ">
   <subfield code="a">INST</subfield>
   <subfield code="b">UNIPILB</subfield>
   <subfield code="c">SERIALS</subfield>
   <subfield code="e">20120307</subfield>
   <subfield code="h">Αλφαβητική σειρά</subfield>
   <subfield code="p">74842</subfield>
   <subfield code="q">74842</subfield>
   <subfield code="t">NOLOAN</subfield>
   <subfield code="v">τεύχ.84:(Μήνες)Ιούν./Αύγ.;(Έτος)2011</subfield>
   <subfield code="y">23</subfield>
  </datafield>
  <datafield tag="852" ind1=" " ind2=" ">
   <subfield code="a">INST</subfield>
   <subfield code="b">UNIPILB</subfield>
   <subfield code="c">SERIALS</subfield>
   <subfield code="e">20120508</subfield>
   <subfield code="h">Αλφαβητική σειρά</subfield>
   <subfield code="p">75367</subfield>
   <subfield code="q">75367</subfield>
   <subfield code="t">NOLOAN</subfield>
   <subfield code="v">τεύχ.86:(Μήνες)Δεκ./Φεβ.;(Έτη)2011-2012</subfield>
   <subfield code="y">23</subfield>
  </datafield>
  <datafield tag="852" ind1=" " ind2=" ">
   <subfield code="a">INST</subfield>
   <subfield code="b">UNIPILB</subfield>
   <subfield code="c">SERIALS</subfield>
   <subfield code="e">20121204</subfield>
   <subfield code="h">Αλφαβητική σειρά</subfield>
   <subfield code="p">77266</subfield>
   <subfield code="q">77266</subfield>
   <subfield code="t">NOLOAN</subfield>
   <subfield code="v">τεύχ.88:(Μήνες)Ιουλ./Αυγ.;(Έτος)2012</subfield>
   <subfield code="y">23</subfield>
  </datafield>
  <datafield tag="852" ind1=" " ind2=" ">
   <subfield code="a">INST</subfield>
   <subfield code="b">UNIPILB</subfield>
   <subfield code="c">SERIALS</subfield>
   <subfield code="e">20130116</subfield>
   <subfield code="h">Αλφαβητική σειρά</subfield>
   <subfield code="p">77511</subfield>
   <subfield code="q">77511</subfield>
   <subfield code="t">NOLOAN</subfield>
   <subfield code="v">τεύχ.89:(Μήνες)Σεπτ./Οκτ./Νοεμ.;(Έτος)2012</subfield>
   <subfield code="y">23</subfield>
  </datafield>
  <datafield tag="852" ind1=" " ind2=" ">
   <subfield code="a">INST</subfield>
   <subfield code="b">UNIPILB</subfield>
   <subfield code="c">SERIALS</subfield>
   <subfield code="e">20130829</subfield>
   <subfield code="h">Αλφαβητική σειρά</subfield>
   <subfield code="p">80760</subfield>
   <subfield code="q">80760</subfield>
   <subfield code="t">NOLOAN</subfield>
   <subfield code="v">τεύχ.91:(Μήνες)Μάρτ./Μάιος;(Έτος)2013</subfield>
   <subfield code="y">23</subfield>
  </datafield>
  <datafield tag="852" ind1=" " ind2=" ">
   <subfield code="a">INST</subfield>
   <subfield code="b">UNIPILB</subfield>
   <subfield code="c">SERIALS</subfield>
   <subfield code="e">20141127</subfield>
   <subfield code="h">Αλφαβητική σειρά</subfield>
   <subfield code="p">85426</subfield>
   <subfield code="q">85426</subfield>
   <subfield code="t">NOLOAN</subfield>
   <subfield code="v">τεύχ.96:(Μήνες)Ιουν./Αυγ.;(Έτος)2014</subfield>
   <subfield code="y">23</subfield>
  </datafield>
  <datafield tag="852" ind1=" " ind2=" ">
   <subfield code="a">INST</subfield>
   <subfield code="b">UNIPILB</subfield>
   <subfield code="c">SERIALS</subfield>
   <subfield code="e">20150112</subfield>
   <subfield code="h">Αλφαβητική σειρά</subfield>
   <subfield code="p">85523</subfield>
   <subfield code="q">85523</subfield>
   <subfield code="t">NOLOAN</subfield>
   <subfield code="v">τεύχ.97:(Μήνες)Σεπ./Νοέ.;(Έτος)2014</subfield>
   <subfield code="y">23</subfield>
  </datafield>
  <datafield tag="852" ind1=" " ind2=" ">
   <subfield code="a">INST</subfield>
   <subfield code="b">UNIPILB</subfield>
   <subfield code="c">SERIALS</subfield>
   <subfield code="e">20150113</subfield>
   <subfield code="h">Αλφαβητική σειρά</subfield>
   <subfield code="p">85534</subfield>
   <subfield code="q">85534</subfield>
   <subfield code="t">NOLOAN</subfield>
   <subfield code="v">τεύχ.100:(Μήνες)Ιούν./ Αύγ.;(Έτος)2015</subfield>
   <subfield code="y">23</subfield>
  </datafield>
  <datafield tag="852" ind1=" " ind2=" ">
   <subfield code="a">INST</subfield>
   <subfield code="b">UNIPILB</subfield>
   <subfield code="c">SERIALS</subfield>
   <subfield code="e">20150715</subfield>
   <subfield code="h">Αλφαβητική σειρά</subfield>
   <subfield code="p">86780</subfield>
   <subfield code="q">86780</subfield>
   <subfield code="t">NOLOAN</subfield>
   <subfield code="v">τεύχ.98:(Μήνες)Μάιος/Ιούν.;(Έτος)2014</subfield>
   <subfield code="y">23</subfield>
  </datafield>
  <datafield tag="852" ind1=" " ind2=" ">
   <subfield code="a">INST</subfield>
   <subfield code="b">UNIPILB</subfield>
   <subfield code="c">SERIALS</subfield>
   <subfield code="e">20150827</subfield>
   <subfield code="h">Αλφαβητική σειρά</subfield>
   <subfield code="p">86875</subfield>
   <subfield code="q">86875</subfield>
   <subfield code="t">NOLOAN</subfield>
   <subfield code="v">τεύχ.99:(Μήνες)Μάρ./Μάιος;(Έτος)2015</subfield>
   <subfield code="y">23</subfield>
  </datafield>
  <datafield tag="852" ind1=" " ind2=" ">
   <subfield code="a">INST</subfield>
   <subfield code="b">UNIPILB</subfield>
   <subfield code="c">SERIALS</subfield>
   <subfield code="e">20160121</subfield>
   <subfield code="h">Αλφαβητική σειρά</subfield>
   <subfield code="p">87363</subfield>
   <subfield code="q">87363</subfield>
   <subfield code="t">NOLOAN</subfield>
   <subfield code="v">τεύχ.101:(Μήνες)Σεπτ./Νοεμ.;(Έτος)2015</subfield>
   <subfield code="y">23</subfield>
  </datafield>
  <datafield tag="852" ind1=" " ind2=" ">
   <subfield code="a">INST</subfield>
   <subfield code="b">UNIPILB</subfield>
   <subfield code="c">SERIALS</subfield>
   <subfield code="e">20160829</subfield>
   <subfield code="h">Αλφαβητική σειρά</subfield>
   <subfield code="p">88937</subfield>
   <subfield code="q">88937</subfield>
   <subfield code="t">NOLOAN</subfield>
   <subfield code="v">τεύχ.103:(Μήνες)Μάρτ./Μάιος;(Έτος)2016</subfield>
   <subfield code="y">23</subfield>
  </datafield>
  <datafield tag="852" ind1=" " ind2=" ">
   <subfield code="a">INST</subfield>
   <subfield code="b">UNIPILB</subfield>
   <subfield code="c">SERIALS</subfield>
   <subfield code="e">20170111</subfield>
   <subfield code="h">Αλφαβητική σειρά</subfield>
   <subfield code="p">89688</subfield>
   <subfield code="q">89688</subfield>
   <subfield code="t">NOLOAN</subfield>
   <subfield code="v">τεύχ.60:(Μήνες)Μάιος/Ιούν.;(Έτος)2007</subfield>
   <subfield code="y">23</subfield>
  </datafield>
  <datafield tag="852" ind1=" " ind2=" ">
   <subfield code="a">INST</subfield>
   <subfield code="b">UNIPILB</subfield>
   <subfield code="c">SERIALS</subfield>
   <subfield code="e">20170111</subfield>
   <subfield code="h">Αλφαβητική σειρά</subfield>
   <subfield code="p">89689</subfield>
   <subfield code="q">89689</subfield>
   <subfield code="t">NOLOAN</subfield>
   <subfield code="v">τεύχ.113:(Μήνες)Νοέμ./Δεκ.;(Έτος)2016</subfield>
   <subfield code="y">23</subfield>
  </datafield>
  <datafield tag="852" ind1=" " ind2=" ">
   <subfield code="a">INST</subfield>
   <subfield code="b">UNIPILB</subfield>
   <subfield code="c">SERIALS</subfield>
   <subfield code="e">20170111</subfield>
   <subfield code="h">Αλφαβητική σειρά</subfield>
   <subfield code="p">89690</subfield>
   <subfield code="q">89690</subfield>
   <subfield code="t">NOLOAN</subfield>
   <subfield code="v">τεύχ.104:(Μήνες)Μάιος/Ιούν.;(Έτος)2015</subfield>
   <subfield code="y">23</subfield>
  </datafield>
  <datafield tag="852" ind1=" " ind2=" ">
   <subfield code="a">INST</subfield>
   <subfield code="b">UNIPILB</subfield>
   <subfield code="c">SERIALS</subfield>
   <subfield code="e">20170607</subfield>
   <subfield code="h">Αλφαβητική σειρά</subfield>
   <subfield code="p">90661</subfield>
   <subfield code="q">90661</subfield>
   <subfield code="t">NOLOAN</subfield>
   <subfield code="v">τεύχ.106:</subfield>
   <subfield code="y">23</subfield>
  </datafield>
  <datafield tag="852" ind1=" " ind2=" ">
   <subfield code="a">INST</subfield>
   <subfield code="b">UNIPILB</subfield>
   <subfield code="c">SERIALS</subfield>
   <subfield code="e">20190128</subfield>
   <subfield code="h">Αλφαβητική σειρά</subfield>
   <subfield code="p">93490</subfield>
   <subfield code="q">93490</subfield>
   <subfield code="t">NOLOAN</subfield>
   <subfield code="v">τεύχ.123:(Μήνες)Ιούλ./Αύγ.;(Έτος)2018</subfield>
   <subfield code="y">23</subfield>
  </datafield>
  <datafield tag="852" ind1=" " ind2=" ">
   <subfield code="a">INST</subfield>
   <subfield code="b">UNIPILB</subfield>
   <subfield code="c">SERIALS</subfield>
   <subfield code="e">20190128</subfield>
   <subfield code="h">Αλφαβητική σειρά</subfield>
   <subfield code="p">93491</subfield>
   <subfield code="q">93491</subfield>
   <subfield code="t">NOLOAN</subfield>
   <subfield code="v">τεύχ.124:(Μήνες)Σεπ./Οκτ.;(Έτος)2018</subfield>
   <subfield code="y">23</subfield>
  </datafield>
  <datafield tag="856" ind1="4" ind2="1">
   <subfield code="u">http://www.ekt.gr</subfield>
  </datafield>
  <datafield tag="900" ind1=" " ind2=" ">
   <subfield code="a">Τχ. 129 (Ιούλ./Αύγ. 2019)</subfield>
   <subfield code="b">Αν/μενοISS</subfield>
   <subfield code="c">07/07/2020</subfield>
  </datafield>
  <datafield tag="900" ind1=" " ind2=" ">
   <subfield code="a">Τχ. 72 (Μάιος/Ιούν. 2009)</subfield>
   <subfield code="b">Οφειλόμενο</subfield>
   <subfield code="c">12/02/2010</subfield>
  </datafield>
  <datafield tag="900" ind1=" " ind2=" ">
   <subfield code="a">Τχ. 79 (Αύγ./Σεπ. 2010)</subfield>
   <subfield code="b">Οφειλόμενο</subfield>
   <subfield code="c">11/04/2011</subfield>
  </datafield>
  <datafield tag="900" ind1=" " ind2=" ">
   <subfield code="a">Τχ. 87 (Φεβ./Μάρ. 2012)</subfield>
   <subfield code="b">Οφειλόμενο</subfield>
   <subfield code="c">01/11/2012</subfield>
  </datafield>
  <datafield tag="900" ind1=" " ind2=" ">
   <subfield code="a">Τχ. 90 (Νοέμ./Δεκ. 2012)</subfield>
   <subfield code="b">Οφειλόμενο</subfield>
   <subfield code="c">27/08/2013</subfield>
  </datafield>
  <datafield tag="900" ind1=" " ind2=" ">
   <subfield code="a">Τχ. 92 (Μάιος/Ιούν. 2013)</subfield>
   <subfield code="b">Οφειλόμενο</subfield>
   <subfield code="c">13/06/2017</subfield>
  </datafield>
  <datafield tag="900" ind1=" " ind2=" ">
   <subfield code="a">Τχ. 93 (Ιούλ./Αύγ. 2013)</subfield>
   <subfield code="b">Οφειλόμενο</subfield>
   <subfield code="c">13/06/2017</subfield>
  </datafield>
  <datafield tag="900" ind1=" " ind2=" ">
   <subfield code="a">Τχ. 94 (Σεπ./Οκτ. 2013)</subfield>
   <subfield code="b">Οφειλόμενο</subfield>
   <subfield code="c">13/06/2017</subfield>
  </datafield>
  <datafield tag="900" ind1=" " ind2=" ">
   <subfield code="a">Τχ. 95 (Νοέμ./Δεκ. 2013)</subfield>
   <subfield code="b">Οφειλόμενο</subfield>
   <subfield code="c">13/06/2017</subfield>
  </datafield>
  <datafield tag="900" ind1=" " ind2=" ">
   <subfield code="a">Τχ. 96 (Ιαν./Φεβ. 2014)</subfield>
   <subfield code="b">Οφειλόμενο</subfield>
   <subfield code="c">13/06/2017</subfield>
  </datafield>
  <datafield tag="900" ind1=" " ind2=" ">
   <subfield code="a">Τχ. 97 (Μάρ./Απρ. 2014)</subfield>
   <subfield code="b">Οφειλόμενο</subfield>
   <subfield code="c">13/06/2017</subfield>
  </datafield>
  <datafield tag="900" ind1=" " ind2=" ">
   <subfield code="a">Τχ. 107 (Νοέμ./Δεκ. 2015)</subfield>
   <subfield code="b">Οφειλόμενο</subfield>
   <subfield code="c">13/06/2017</subfield>
  </datafield>
  <datafield tag="900" ind1=" " ind2=" ">
   <subfield code="a">Τχ. 108 (Ιαν./Φεβ. 2016)</subfield>
   <subfield code="b">Οφειλόμενο</subfield>
   <subfield code="c">13/06/2017</subfield>
  </datafield>
  <datafield tag="900" ind1=" " ind2=" ">
   <subfield code="a">Τχ. 110 (Μάιος/Ιούν. 2016)</subfield>
   <subfield code="b">Οφειλόμενο</subfield>
   <subfield code="c">13/06/2017</subfield>
  </datafield>
  <datafield tag="900" ind1=" " ind2=" ">
   <subfield code="a">Τχ. 111 (Ιούλ./Αύγ. 2016)</subfield>
   <subfield code="b">Οφειλόμενο</subfield>
   <subfield code="c">13/06/2017</subfield>
  </datafield>
  <datafield tag="900" ind1=" " ind2=" ">
   <subfield code="a">Τχ. 112 (Σεπ./Οκτ. 2016)</subfield>
   <subfield code="b">Οφειλόμενο</subfield>
   <subfield code="c">19/06/2017</subfield>
  </datafield>
  <datafield tag="900" ind1=" " ind2=" ">
   <subfield code="a">Τχ. 114 (Ιαν./Φεβ. 2017)</subfield>
   <subfield code="b">Οφειλόμενο</subfield>
   <subfield code="c">26/03/2018</subfield>
  </datafield>
  <datafield tag="900" ind1=" " ind2=" ">
   <subfield code="a">Τχ. 115 (Μάρ./Απρ. 2017)</subfield>
   <subfield code="b">Οφειλόμενο</subfield>
   <subfield code="c">21/05/2018</subfield>
  </datafield>
  <datafield tag="900" ind1=" " ind2=" ">
   <subfield code="a">Τχ. 116 (Μάιος/Ιούν. 2017)</subfield>
   <subfield code="b">Οφειλόμενο</subfield>
   <subfield code="c">30/11/2018</subfield>
  </datafield>
  <datafield tag="900" ind1=" " ind2=" ">
   <subfield code="a">Τχ. 117 (Ιούλ./Αύγ. 2017)</subfield>
   <subfield code="b">Οφειλόμενο</subfield>
   <subfield code="c">30/11/2018</subfield>
  </datafield>
  <datafield tag="900" ind1=" " ind2=" ">
   <subfield code="a">Τχ. 118 (Σεπ./Οκτ. 2017)</subfield>
   <subfield code="b">Οφειλόμενο</subfield>
   <subfield code="c">30/11/2018</subfield>
  </datafield>
  <datafield tag="900" ind1=" " ind2=" ">
   <subfield code="a">Τχ. 119 (Νοέμ./Δεκ. 2017)</subfield>
   <subfield code="b">Οφειλόμενο</subfield>
   <subfield code="c">28/01/2019</subfield>
  </datafield>
  <datafield tag="900" ind1=" " ind2=" ">
   <subfield code="a">Τχ. 120 (Ιαν./Φεβ. 2018)</subfield>
   <subfield code="b">Οφειλόμενο</subfield>
   <subfield code="c">29/03/2019</subfield>
  </datafield>
  <datafield tag="900" ind1=" " ind2=" ">
   <subfield code="a">Τχ. 121 (Μάρ./Απρ. 2018)</subfield>
   <subfield code="b">Οφειλόμενο</subfield>
   <subfield code="c">27/05/2019</subfield>
  </datafield>
  <datafield tag="900" ind1=" " ind2=" ">
   <subfield code="a">Τχ. 122 (Μάιος/Ιούν. 2018)</subfield>
   <subfield code="b">Οφειλόμενο</subfield>
   <subfield code="c">29/07/2019</subfield>
  </datafield>
  <datafield tag="900" ind1=" " ind2=" ">
   <subfield code="a">Τχ. 125 (Νοέμ./Δεκ. 2018)</subfield>
   <subfield code="b">Οφειλόμενο</subfield>
   <subfield code="c">27/01/2020</subfield>
  </datafield>
  <datafield tag="900" ind1=" " ind2=" ">
   <subfield code="a">Τχ. 126 (Ιαν./Φεβ. 2019)</subfield>
   <subfield code="b">Οφειλόμενο</subfield>
   <subfield code="c">09/03/2020</subfield>
  </datafield>
  <datafield tag="900" ind1=" " ind2=" ">
   <subfield code="a">Τχ. 127 (Μάρ./Απρ. 2019)</subfield>
   <subfield code="b">Αν/μενοISS</subfield>
   <subfield code="c">07/03/2020</subfield>
  </datafield>
  <datafield tag="900" ind1=" " ind2=" ">
   <subfield code="a">Τχ. 128 (Μάιος/Ιούν. 2019)</subfield>
   <subfield code="b">Αν/μενοISS</subfield>
   <subfield code="c">07/05/2020</subfield>
  </datafield>
  <datafield tag="950" ind1=" " ind2=" ">
   <subfield code="a">01/01/2003</subfield>
   <subfield code="c">ΔΩΡΕΑ ΠΕΡΙΟΔΙΚΩΝ</subfield>
   <subfield code="d">230</subfield>
  </datafield>
  <datafield tag="951" ind1=" " ind2=" ">
   <subfield code="a">118 (ΑΝΟΙΞΗ - ΚΑΛΟΚΑΙΡΙ 2020)</subfield>
   <subfield code="b">Main run</subfield>
  </datafield>
  <datafield tag="951" ind1=" " ind2=" ">
   <subfield code="a">34   (Ιαν./Φεβ. 2003)</subfield>
   <subfield code="b">Main run</subfield>
  </datafield>
  <datafield tag="951" ind1=" " ind2=" ">
   <subfield code="a">35 (Μάρ./Απρ. 2003) -  44 (Σεπ./Οκτ. 2004)</subfield>
   <subfield code="b">Main run</subfield>
  </datafield>
  <datafield tag="951" ind1=" " ind2=" ">
   <subfield code="a">()</subfield>
   <subfield code="b">Main run</subfield>
  </datafield>
  <datafield tag="951" ind1=" " ind2=" ">
   <subfield code="a">45 (Νοέμ./Δεκ. 2004) -  71 (Μάρ./Απρ. 2009)</subfield>
   <subfield code="b">Main run</subfield>
  </datafield>
  <datafield tag="951" ind1=" " ind2=" ">
   <subfield code="a">73 (Ιούλ./Αύγ. 2009) -  74 (Σεπ./Οκτ. 2009)</subfield>
   <subfield code="b">Main run</subfield>
  </datafield>
  <datafield tag="951" ind1=" " ind2=" ">
   <subfield code="a">75   (Νοέμ. 2009-Ιαν. 2010)</subfield>
   <subfield code="b">Main run</subfield>
  </datafield>
  <datafield tag="951" ind1=" " ind2=" ">
   <subfield code="a">76   (Ιαν./Φεβ./Μάρ. 2010)</subfield>
   <subfield code="b">Main run</subfield>
  </datafield>
  <datafield tag="951" ind1=" " ind2=" ">
   <subfield code="a">77 (Μάρ./Απρ. 2010)</subfield>
   <subfield code="b">Main run</subfield>
  </datafield>
  <datafield tag="951" ind1=" " ind2=" ">
   <subfield code="a">78   (Ιούν./Ιούλ. 2010)</subfield>
   <subfield code="b">Main run</subfield>
  </datafield>
  <datafield tag="951" ind1=" " ind2=" ">
   <subfield code="a">80   (Οκτ./Νοέμ. 2010)</subfield>
   <subfield code="b">Main run</subfield>
  </datafield>
  <datafield tag="951" ind1=" " ind2=" ">
   <subfield code="a">81   (Δεκ. 2010-Ιαν. 2011)</subfield>
   <subfield code="b">Main run</subfield>
  </datafield>
  <datafield tag="951" ind1=" " ind2=" ">
   <subfield code="a">82   (Φεβ./Μάρ. 2011)</subfield>
   <subfield code="b">Main run</subfield>
  </datafield>
  <datafield tag="951" ind1=" " ind2=" ">
   <subfield code="a">83   (Απρ./Μάϊος 2011)</subfield>
   <subfield code="b">Main run</subfield>
  </datafield>
  <datafield tag="951" ind1=" " ind2=" ">
   <subfield code="a">84   (Ιούν./Αύγ. 2011)</subfield>
   <subfield code="b">Main run</subfield>
  </datafield>
  <datafield tag="951" ind1=" " ind2=" ">
   <subfield code="a">85   (Σεπ./Νοέμ. 2011)</subfield>
   <subfield code="b">Main run</subfield>
  </datafield>
  <datafield tag="951" ind1=" " ind2=" ">
   <subfield code="a">86   (Δεκ. 2011-Φεβ. 2012)</subfield>
   <subfield code="b">Main run</subfield>
  </datafield>
  <datafield tag="951" ind1=" " ind2=" ">
   <subfield code="a">88   (Ιουλ./Αυγ. 2012)</subfield>
   <subfield code="b">Main run</subfield>
  </datafield>
  <datafield tag="951" ind1=" " ind2=" ">
   <subfield code="a">89   (Σεπτ./Οκτ./Νοεμ. 2012)</subfield>
   <subfield code="b">Main run</subfield>
  </datafield>
  <datafield tag="951" ind1=" " ind2=" ">
   <subfield code="a">91   (Μάρτ./Μάιος 2013)</subfield>
   <subfield code="b">Main run</subfield>
  </datafield>
  <datafield tag="951" ind1=" " ind2=" ">
   <subfield code="a">98 (Μάιος/Ιούν. 2014)</subfield>
   <subfield code="b">Main run</subfield>
  </datafield>
  <datafield tag="951" ind1=" " ind2=" ">
   <subfield code="a">99   (Μάρ./Μάιος 2015)</subfield>
   <subfield code="b">Main run</subfield>
  </datafield>
  <datafield tag="951" ind1=" " ind2=" ">
   <subfield code="a">Τχ. 96   (Ιουν./Αυγ. 2014)</subfield>
   <subfield code="b">Main run</subfield>
  </datafield>
  <datafield tag="951" ind1=" " ind2=" ">
   <subfield code="a">100 (Σεπ./Οκτ. 2014)</subfield>
   <subfield code="b">Main run</subfield>
  </datafield>
  <datafield tag="951" ind1=" " ind2=" ">
   <subfield code="a">97   (Σεπ./Νοέ. 2014)</subfield>
   <subfield code="b">Main run</subfield>
  </datafield>
  <datafield tag="951" ind1=" " ind2=" ">
   <subfield code="a">100   (Ιούν./ Αύγ. 2015)</subfield>
   <subfield code="b">Main run</subfield>
  </datafield>
  <datafield tag="951" ind1=" " ind2=" ">
   <subfield code="a">101   (Σεπτ./Νοεμ. 2015)</subfield>
   <subfield code="b">Main run</subfield>
  </datafield>
  <datafield tag="951" ind1=" " ind2=" ">
   <subfield code="a">104 (Μάιος/Ιούν. 2015)</subfield>
   <subfield code="b">Main run</subfield>
  </datafield>
  <datafield tag="951" ind1=" " ind2=" ">
   <subfield code="a">106 (Δεκ./Ιαν./Ιαν./Φεβ./Φεβ./Μάρ./Μάρ./Απρ./Απρ./Μάιος/Μάιος/Ιούν./Ιούν./Ιούλ./Ιούλ./Αύγ./Αύγ./Σεπ./Σεπ./Οκτ./Οκτ./Νοέμ./Νοέμ./Δεκ./Δεκ./Ιαν./Ιαν./Φεβ./Φεβ./Μάρ. 2015)</subfield>
   <subfield code="b">Main run</subfield>
  </datafield>
  <datafield tag="951" ind1=" " ind2=" ">
   <subfield code="a">103   (Μάρτ./Μάιος 2016)</subfield>
   <subfield code="b">Main run</subfield>
  </datafield>
  <datafield tag="951" ind1=" " ind2=" ">
   <subfield code="a">113 (Νοέμ./Δεκ. 2016)</subfield>
   <subfield code="b">Main run</subfield>
  </datafield>
  <datafield tag="951" ind1=" " ind2=" ">
   <subfield code="a">105 ( Σεπτ./Νοέμ.2016)</subfield>
   <subfield code="b">Main run</subfield>
  </datafield>
  <datafield tag="951" ind1=" " ind2=" ">
   <subfield code="a">104 (Ιούν./Αύγ.) 2016</subfield>
   <subfield code="b">Main run</subfield>
  </datafield>
  <datafield tag="951" ind1=" " ind2=" ">
   <subfield code="a">107 (Μάρτ./Μαϊος 2017)</subfield>
   <subfield code="b">Main run</subfield>
  </datafield>
  <datafield tag="951" ind1=" " ind2=" ">
   <subfield code="a">108 (Ιουν. /Αυγ. 2017)</subfield>
   <subfield code="b">Main run</subfield>
  </datafield>
  <datafield tag="951" ind1=" " ind2=" ">
   <subfield code="a">109 (Σεπτ./Οκτ. 2017)</subfield>
   <subfield code="b">Main run</subfield>
  </datafield>
  <datafield tag="951" ind1=" " ind2=" ">
   <subfield code="a">110 (Δεκ. 2017/Φεβρ.2018)</subfield>
   <subfield code="b">Main run</subfield>
  </datafield>
  <datafield tag="951" ind1=" " ind2=" ">
   <subfield code="a">111 (Μάρτ.2018/Μαϊος2018)</subfield>
   <subfield code="b">Main run</subfield>
  </datafield>
  <datafield tag="951" ind1=" " ind2=" ">
   <subfield code="a">112 (Ιούν./Αύγ. 2018)</subfield>
   <subfield code="b">Main run</subfield>
  </datafield>
  <datafield tag="951" ind1=" " ind2=" ">
   <subfield code="a">123 (Ιούλ./Αύγ. 2018) -  124 (Σεπ./Οκτ. 2018)</subfield>
   <subfield code="b">Main run</subfield>
  </datafield>
  <datafield tag="951" ind1=" " ind2=" ">
   <subfield code="a">113 (Σεμπτέμβιος - Νοέμβριος 2018)</subfield>
   <subfield code="b">Main run</subfield>
  </datafield>
  <datafield tag="951" ind1=" " ind2=" ">
   <subfield code="a">115 (Σεμπτέμβριος/Νοέμβριος 2019)</subfield>
   <subfield code="b">Main run</subfield>
  </datafield>
  <datafield tag="951" ind1=" " ind2=" ">
   <subfield code="a">116 (Ιούνιος - Αυγούστος 2019)</subfield>
   <subfield code="b">Main run</subfield>
  </datafield>
  <datafield tag="951" ind1=" " ind2=" ">
   <subfield code="a">117 (Σεμπτέμβριος- Νοέμβριος 2019)</subfield>
   <subfield code="b">Main run</subfield>
  </datafield>
  <datafield tag="952" ind1=" " ind2=" ">
   <subfield code="a">(10)1998,(13,15)1999</subfield>
  </datafield>
 </record>
</collection>
